Statystyki dla Quiz o Malezji

Kliknij tutaj aby rozwiązać quiz!

Ogólne statystyki

  • Ten quiz został rozwiązany 751 razy
  • Średni wynik to 12 z 20

Statystyki odpowiedzi

WskazówkaOdpowiedź% Poprawnych
Państwa graniczące z MalezjąIndonezja
95%
StolicaKuala Lumpur
94%
Państwa graniczące z MalezjąTajlandia
92%
Najczęściej wyznawana religiaIslam
87%
Państwo wyspiarskie, które odzyskało
niepodległość od Malezji w 1965 roku
Singapur
86%
Państwa graniczące z MalezjąBrunei
84%
Flaga Malezji ma ich więcej niż
jakakolwiek flaga na świecie
Pasów
82%
Państwo, od którego Malezja
uzyskała niepodległość w 1957 roku
Wielka Brytania
79%
Wyspa na której znajduje
się wschodnia część Malezji
Borneo
73%
Półwysep, który zachodnia część Malezji
dzieli ją z Tajlandią, Wietnamem
i innymi państwami...
Indochiny
72%
Żywność podstawowa MalezjiRyż
67%
Morze, na którym Chiny prowadzą spory
terytorialne z Malezją (i kilkoma innymi państwami)
Morze
{Południowochińskie}
60%
Sposób kar cielesnych
zadawanych za niektóre przestępstwa
Chłosta
50%
Owoce narodowe (duże i śmierdzące)Durian
49%
Najwyższe budynki w Malezji,
niegdyś najwyższe na świecie
Petronas Towers
41%
Narodowe zwierzę MalezjiTygrys malajski
32%
Cieśnina położona między
Malezją a Sumatrą
Cieśnina {Malakka}
31%
Drugi co do wielkości obszar miejski w Malezji,
nazwany na cześć brytyjskiego króla
George Town
26%
Waluta MalezjiRinggit
21%
Malezyjskie miasto położone na północ od powyższej wyspyJohor Bahru
19%

Rozkład punktacji

Percentyl według liczby udzielonych odpowiedzi

Procent ludzi z każdym wynikiem

Twoja historia wyników

Nie rozwiązałeś tego quizu